The bad beginning. #1 / by Lemony Snicket ; ... Read More
Available copies
- 4 of 7 copies available at LARL/NWRL Consortium.
- 2 of 4 copies available at Lake Agassiz Regional Library. (Show preferred library)
Current holds
1 current hold with 7 total copies.
View other formats and editions
Show Only Available Copies
| Location | Call Number / Copy Notes | Barcode | Shelving Location | Status | Due Date |
|---|---|---|---|---|---|
| Crookston Public Library | J SNI (Text) | 33500013107214 | Main | Checked out | 06/25/2026 |
| McIntosh Public Library | J SNI (Text) | 33500012559084 | Main | Available | - |
| Moorhead Public Library | J SNI (Text) | 33500012503405 | Main | Available | - |
| Moorhead Public Library | J SNI (Text) | 33500012532040 | Main | Checked out | 06/23/2026 |
| Karlstad LINK Site | j SNI (Text) | 35500005779556 | Main | Available | - |
| Red Lake Falls Public Library | j SNI (Text) | 35500003617295 | Main | Checked out | 07/07/2026 |
| Thief River Falls Public Library | j SNI (Text) | 35500003399944 | Main | Available | - |
Record details
- ISBN: 9780064407663
- ISBN: 9780061146305
- ISBN: 0064407667 (pbk.)
- ISBN: 0060283122 (lib. bdg.)
- ISBN: 0439206472 (pbk.)
- Physical Description: 162 p. ill. 19 cm.
- Publisher: New York : HarperCollins Publishers, 1999.
Content descriptions
| Summary, etc.: | After the sudden death of their parents, the three ... Read More |
Search for related items by subject
| Subject: | Orphans > Juvenile fiction. Brothers and sisters > Juvenile fiction. |
| Genre: | Humorous stories. |
Search for related items by series
| LDR | 02993cam a2200469 a 4500 | ||
|---|---|---|---|
| 001 | 29689 | ||
| 003 | LARL_NWRL_CONSORTIUM | ||
| 005 | 20170719171155.0 | ||
| 008 | 990309s1999 nyua c 000 1 eng | ||
| 020 | . | ‡a9780064407663 | |
| 020 | . | ‡a9780061146305 | |
| 020 | . | ‡a0064407667 (pbk.) | |
| 020 | . | ‡a0060283122 (lib. bdg.) | |
| 020 | . | ‡a0439206472 (pbk.) | |
| 035 | . | ‡a(OCoLC)41070636 | |
| 035 | 0 | 0. | ‡iLCMARC/AXO-3892/KRLTECH2 |
| 082 | 0 | 0. | ‡a[Fic] ‡221 |
| 099 | . | ‡aSni | |
| 100 | 1 | . | ‡aSnicket, Lemony ‡0(LARL_NWRL_CONSORTIUM)128721 |
| 245 | 1 | 4. | ‡aThe bad beginning. ‡n#1 / ‡cby Lemony Snicket ; illustrations by Brett Helquist. |
| 260 | . | ‡aNew York : ‡bHarperCollins Publishers, ‡c1999. | |
| 300 | . | ‡a162 p. ‡bill. ‡c19 cm. | |
| 490 | 0 | . | ‡aSeries of unfortunate events ; ‡v1 |
| 520 | . | ‡aAfter the sudden death of their parents, the three Baudelaire children must depend on each other and their wits when it turns out that the distant relative who is appointed their guardian is determined to use any means necessary to get their fortune. | |
| 650 | 0. | ‡aOrphans ‡vJuvenile fiction. ‡0(LARL_NWRL_CONSORTIUM)166522 | |
| 650 | 0. | ‡aBrothers and sisters ‡vJuvenile fiction. ‡0(LARL_NWRL_CONSORTIUM)163775 | |
| 655 | 0. | ‡aHumorous stories. | |
| 700 | 1 | . | ‡aHelquist, Brett. ‡0(LARL_NWRL_CONSORTIUM)128720 |
| 901 | . | ‡a29689 ‡bOCLC ‡c29689 ‡tbiblio | |

Add to basket
Permalink
Disable Highlighting